[Event "Subotica-ch"]
[Site "Subotica"]
[Date "2015.02.18"]
[Round "2"]
[White "Grkovic, Konstantin"]
[Black "Meszaros, Bela"]
[Result "1-0"]
[WhiteElo "2001"]
[BlackElo "2224"]
[PlyCount "156"]
[EventDate "2015.02.16"]
[EventType "swiss"]
[EventRounds "9"]
[EventCountry "SRB"]
[SourceTitle "CBM 165 Extra"]
[Source "ChessBase"]
[SourceDate "2015.04.21"]
[SourceVersion "1"]
[SourceVersionDate "2015.04.21"]
[SourceQuality "1"]

1. e4 c5 2. Nf3 d6 3. c4 Nc6 4. Nc3 Bg4 5. Be2 e6 6. h3 Bh5 7. 0-0 Nf6 8. d3 Be7 9. Nh2 Bxe2 10. Nxe2 d5 11. Ng3 dxc4 12. dxc4 Qxd1 13. Rxd1 h5 14. h4 Nd7 15. Bg5 Bxg5 16. hxg5 Nd4 17. Kf1 Ne5 18. b3 h4 19. Ne2 Nxe2 20. Kxe2 Ng6 21. Ke3 a5 22. a4 Ra6 23. f4 e5 24. fxe5 Rb6 25. Rab1 Nxe5 26. Kf4 Ng6+ 27. Ke3 Ke7 28. Rd5 Rc8 29. Nf3 Ke6 30. Rd3 Rh8 31. Rh1 Ke7 32. Nd2 Re6 33. Rd5 Rc6 34. Rh3 Ke6 35. Nf3 Rb6 36. Nd2 Rc6 37. Nf3 f6 38. Rh1 Rb6 39. Nd2 Rc8 40. Rh3 Ne7 41. gxf6 Nxd5+ 42. exd5+ Kxf6 43. Rxh4 Kf7 44. Kd3 Rg6 45. Ne4 b6 46. g4 Ke7 47. g5 Rf8 48. Ke2 Rf5 49. Rg4 Kd7 50. Rg3 Rf4 51. Ke3 Rh4 52. Rf3 Rh1 53. Rf7+ Ke8 54. Rf3 Rb1 55. Kf4 Rh1 56. Kf5 Kf7 57. Ke5+ Kg8 58. Kf5 Kf7 59. Ke5+ Kg8 60. Kf5 Kf7 61. Ke5+ Ke8 62. Nd6+ Kd7 63. Ne4 Rh8 64. Rf7+ Ke8 65. Rb7 Rf8 66. Rb8+ Kf7 67. Rxf8+ Kxf8 68. Kf5 Kf7 69. d6 Re6 70. g6+ Rxg6 71. d7 Ke7 72. Kxg6 Kxd7 73. Kxg7 Ke6 74. Nc3 Ke5 75. Nd5 Ke4 76. Nxb6 Kd3 77. Kf6 Kc3 78. Ke5 Kxb3 1-0

[Event "Subotica-ch"]
[Site "Subotica"]
[Date "2011.03.11"]
[Round "9"]
[White "Grkovic, Konstantin"]
[Black "Jovanovic, Milan B"]
[Result "1/2-1/2"]
[WhiteElo "2024"]
[BlackElo "1930"]
[PlyCount "20"]
[EventDate "2011.02.21"]
[EventType "swiss"]
[EventRounds "9"]
[EventCountry "SRB"]
[SourceTitle "CBM 141 Extra"]
[Source "ChessBase"]
[SourceDate "2011.05.03"]
[SourceVersion "1"]
[SourceVersionDate "2011.05.03"]
[SourceQuality "1"]

1. d4 d5 2. c4 e6 3. Nc3 Nf6 4. cxd5 exd5 5. Bg5 Be7 6. e3 Nbd7 7. Bd3 c6 8. Qc2 0-0 9. Nf3 Re8 10. 0-0 h6 1/2-1/2

[Event "Vojvodina-ch 1st"]
[Site "Novi Sad"]
[Date "2010.07.25"]
[Round "1"]
[White "Grkovic, Konstantin"]
[Black "Markovic, Marko"]
[Result "1/2-1/2"]
[WhiteElo "1997"]
[BlackElo "2315"]
[PlyCount "85"]
[EventDate "2010.07.25"]
[EventType "swiss"]
[EventRounds "9"]
[EventCountry "YUG"]
[SourceTitle "CBM 137 Extra"]
[Source "ChessBase"]
[SourceDate "2010.09.01"]
[SourceVersion "1"]
[SourceVersionDate "2010.09.01"]
[SourceQuality "1"]

1. d4 d6 2. e4 Nf6 3. Bd3 e5 4. dxe5 dxe5 5. Bg5 h6 6. Bxf6 Qxf6 7. c3 Bc5 8. Qf3 Qb6 9. Qe2 Qg6 10. Nf3 0-0 11. Nbd2 Rd8 12. Bc4 Nc6 13. b4 Bd6 14. Qe3 Qf6 15. h3 Be6 16. 0-0 Ne7 17. Bxe6 Qxe6 18. Rfd1 Ng6 19. Nf1 Nf4 20. Ne1 a5 21. a3 Qc4 22. Ng3 g6 23. Nf3 b6 24. Nd2 Qe6 25. Ne2 Kg7 26. Nxf4 exf4 27. Qe1 Re8 28. f3 Be5 29. Rac1 Red8 30. Nb1 Qb3 31. Rxd8 Rxd8 32. Qe2 Rd6 33. Kf2 Rc6 34. Qc2 Qc4 35. Qe2 Bd4+ 36. Kf1 Qe6 37. b5 Rc5 38. c4 Rg5 39. Qd3 Bc5 40. a4 Rg3 41. Qc3+ Qf6 42. Qxf6+ Kxf6 43. Nc3 1/2-1/2

[Event "Senta op-B 14th"]
[Site "Senta"]
[Date "2010.07.20"]
[Round "5"]
[White "Grkovic, Konstantin"]
[Black "Grabez, Vojko"]
[Result "0-1"]
[WhiteElo "1997"]
[BlackElo "2079"]
[PlyCount "76"]
[EventDate "2010.07.17"]
[EventType "swiss"]
[EventRounds "9"]
[EventCountry "YUG"]
[SourceTitle "EXT 2011"]
[Source "ChessBase"]
[SourceDate "2010.11.26"]
[SourceVersion "1"]
[SourceVersionDate "2010.11.26"]
[SourceQuality "1"]

1. e4 c6 2. d4 d5 3. Nd2 dxe4 4. Nxe4 Bf5 5. Ng3 Bg6 6. Nf3 Nd7 7. h4 h6 8. h5 Bh7 9. Bd3 Bxd3 10. Qxd3 e6 11. Bd2 Ngf6 12. Ne4 Nxe4 13. Qxe4 Nf6 14. Qe2 Bd6 15. 0-0-0 Qc7 16. Kb1 b5 17. g4 Bf4 18. Ne5 Bxd2 19. Rxd2 a5 20. f4 0-0-0 21. Qf3 Nd5 22. f5 f6 23. Ng6 Rhe8 24. fxe6 Rxe6 25. Re2 Qd7 26. Rhe1 Rde8 27. a3 Rxe2 28. Rxe2 Rxe2 29. Qxe2 Kc7 30. Qe4 b4 31. axb4 axb4 32. Nf4 Nxf4 33. Qxf4+ Qd6 34. Qe4 Kd7 35. Qg6 Qe7 36. Qf5+ Kc7 37. Qa5+ Kb7 38. d5 Qe1+ 0-1

[Event "Subotica-ch"]
[Site "Subotica"]
[Date "2009.02.16"]
[Round "1"]
[White "Grkovic, Konstantin"]
[Black "Pavlik, Goran"]
[Result "0-1"]
[WhiteElo "1975"]
[BlackElo "2190"]
[PlyCount "110"]
[EventDate "2009.02.16"]
[EventType "swiss"]
[EventRounds "9"]
[EventCountry "SRB"]
[SourceTitle "EXT 2019"]
[Source "ChessBase"]
[SourceDate "2018.10.10"]
[SourceVersion "1"]
[SourceVersionDate "2018.10.10"]
[SourceQuality "1"]

1. d4 d5 2. Nf3 Nf6 3. Bf4 e6 4. e3 Be7 5. Bd3 Nbd7 6. 0-0 Nh5 7. Bg3 Nxg3 8. hxg3 0-0 9. Nbd2 c5 10. c3 b6 11. e4 cxd4 12. Nxd4 Bb7 13. Qe2 Bf6 14. exd5 exd5 15. N2f3 Nc5 16. Rad1 g6 17. Rfe1 Re8 18. Qxe8+ Qxe8 19. Rxe8+ Rxe8 20. Bb5 Rc8 21. Bd3 Na4 22. Rb1 a6 23. Bc2 Nc5 24. Rd1 Ne4 25. Bxe4 dxe4 26. Ne1 Be5 27. Nec2 Rd8 28. Kf1 f5 29. Ke1 Kf7 30. Nb3 Rxd1+ 31. Kxd1 Kf6 32. a4 Bd5 33. Nbd4 h5 34. Ne3 Bb7 35. Nb3 g5 36. a5 Bc7 37. c4 f4 38. gxf4 gxf4 39. axb6 Bxb6 40. Nc2 Bxf2 41. Ke2 Ba7 42. c5 Bd5 43. Nd2 Bxc5 44. b4 Bb6 45. Na3 Ke6 46. b5 Bc5 47. Nab1 axb5 48. Nc3 e3 49. Nde4 Bxe4 50. Nxe4 Bd4 51. Kd3 Kd5 52. Ng5 b4 53. Nf3 Bf6 54. Ne1 b3 55. Nf3 Kc5 0-1

[Event "Subotica-ch"]
[Site "Subotica"]
[Date "2008.02.27"]
[Round "5"]
[White "Grkovic, Konstantin"]
[Black "Pacal, Mihaly"]
[Result "1-0"]
[WhiteElo "1896"]
[BlackElo "2223"]
[PlyCount "69"]
[EventDate "2008.02.18"]
[EventType "swiss"]
[EventRounds "9"]
[EventCountry "YUG"]
[SourceTitle "CBM 123 Extra"]
[Source "ChessBase"]
[SourceDate "2008.05.06"]
[SourceVersion "1"]
[SourceVersionDate "2008.05.06"]
[SourceQuality "1"]

1. e4 Nf6 2. Nc3 d5 3. exd5 Nxd5 4. Bc4 Nb6 5. Bb3 c5 6. d3 Nc6 7. Nf3 e6 8. Bf4 a6 9. 0-0 Be7 10. Ne4 Nd5 11. Qd2 Nxf4 12. Qxf4 0-0 13. Rfe1 Nd4 14. Nxd4 cxd4 15. Rad1 b5 16. c4 Bb7 17. h3 Rc8 18. cxb5 axb5 19. Qe5 Qb6 20. Rc1 Rfd8 21. f4 Bb4 22. Red1 Re8 23. Qg5 Bxe4 24. dxe4 d3+ 25. Kh2 Qe3 26. Rxc8 Rxc8 27. Qe5 Be1 28. f5 Ba5 29. Qxb5 Bc7+ 30. Kh1 Qg3 31. Kg1 Qh2+ 32. Kf2 Qg3+ 33. Kg1 Qe3+ 34. Kh1 Qg3 35. Kg1 1-0

[Event "EU-chT U18 7th"]
[Site "Subotica"]
[Date "2007.07.13"]
[Round "6"]
[White "Hrabusa, Matej"]
[Black "Grkovic, Konstantin"]
[Result "1-0"]
[WhiteElo "2277"]
[BlackElo "1902"]
[PlyCount "63"]
[EventDate "2007.07.08"]
[EventType "team-swiss"]
[EventRounds "7"]
[EventCountry "YUG"]
[SourceTitle "EXT 2020"]
[Source "ChessBase"]
[SourceDate "2019.10.17"]
[SourceVersion "1"]
[SourceVersionDate "2019.10.17"]
[SourceQuality "1"]
[WhiteTeam "Slovakia U18"]
[BlackTeam "Subotica Spartak U18"]
[WhiteTeamCountry "SVK"]
[BlackTeamCountry "SRB"]

1. e4 c5 2. Nf3 Nc6 3. d4 cxd4 4. Nxd4 g6 5. Nc3 Bg7 6. Be3 Nf6 7. Bc4 0-0 8. Bb3 a5 9. a4 d6 10. f3 Bd7 11. Qd2 Nxd4 12. Bxd4 Bc6 13. h4 h5 14. 0-0-0 Qd7 15. Kb1 b5 16. axb5 Bxb5 17. Qg5 Bc6 18. Qxg6 a4 19. Ba2 a3 20. Rh3 Kh8 21. Qg5 Rab8 22. Rg3 Rxb2+ 23. Ka1 Rxa2+ 24. Nxa2 Rg8 25. Nc3 Kh7 26. Bxf6 exf6 27. Qxh5+ Bh6 28. Rxg8 Kxg8 29. Qxh6 Qe6 30. Rd5 Bxd5 31. Nxd5 Qe5+ 32. c3 1-0

[Event "EU-chT U18 7th"]
[Site "Subotica"]
[Date "2007.07.10"]
[Round "3"]
[White "Grkovic, Konstantin"]
[Black "Sofiev, Alexey"]
[Result "0-1"]
[WhiteElo "1902"]
[BlackElo "2150"]
[PlyCount "63"]
[EventDate "2007.07.08"]
[EventType "team-swiss"]
[EventRounds "7"]
[EventCountry "YUG"]
[SourceTitle "EXT 2020"]
[Source "ChessBase"]
[SourceDate "2019.10.17"]
[SourceVersion "1"]
[SourceVersionDate "2019.10.17"]
[SourceQuality "1"]
[WhiteTeam "Subotica Spartak U18"]
[BlackTeam "Finland U18"]
[WhiteTeamCountry "SRB"]
[BlackTeamCountry "FIN"]

1. e4 e6 2. d4 d5 3. exd5 exd5 4. Bd3 Bd6 5. Nf3 Nf6 6. c3 c6 7. 0-0 0-0 8. Bg5 Bg4 9. Nbd2 Nbd7 10. h3 Bh5 11. Re1 Qc7 12. Qc2 Bg6 13. Bxg6 hxg6 14. Bxf6 Nxf6 15. Ne5 Rae8 16. Nd3 Bf4 17. Nf3 Ne4 18. Nde5 Re6 19. Re2 Rfe8 20. Rae1 Nd6 21. Nd3 Ne4 22. Nde5 Kh7 23. Nd3 a6 24. Nxf4 Qxf4 25. Qc1 Qf5 26. Qc2 Kg8 27. a3 R8e7 28. Nd2 Nxc3 29. Qxc3 Rxe2 30. Rxe2 Rxe2 31. Nf3 Qb1+ 32. Kh2 0-1

[Event "EU-chT U18 7th"]
[Site "Subotica"]
[Date "2007.07.09"]
[Round "2"]
[White "Bojovic, Dusan"]
[Black "Grkovic, Konstantin"]
[Result "1-0"]
[WhiteElo "2222"]
[BlackElo "1902"]
[PlyCount "197"]
[EventDate "2007.07.08"]
[EventType "team-swiss"]
[EventRounds "7"]
[EventCountry "YUG"]
[SourceTitle "EXT 2020"]
[Source "ChessBase"]
[SourceDate "2019.10.17"]
[SourceVersion "1"]
[SourceVersionDate "2019.10.17"]
[SourceQuality "1"]
[WhiteTeam "Serbia U18 II"]
[BlackTeam "Subotica Spartak U18"]
[WhiteTeamCountry "SRB"]
[BlackTeamCountry "SRB"]

1. e4 c5 2. Nf3 Nc6 3. d4 cxd4 4. Nxd4 g6 5. Nc3 Bg7 6. Be3 Nf6 7. Bc4 d6 8. h3 0-0 9. 0-0 Bd7 10. Qd2 Nxd4 11. Bxd4 Bc6 12. Rae1 Nd7 13. Bxg7 Kxg7 14. Kh2 a5 15. f4 Qc7 16. Qd4+ e5 17. fxe5 Nxe5 18. Bd5 Qe7 19. Rf4 f6 20. Ref1 Rac8 21. Qd1 Rb8 22. Ne2 Bb5 23. Nd4 Bd7 24. c4 Nc6 25. Nb5 Qe5 26. Bxc6 bxc6 27. Qxd6 Qxd6 28. Nxd6 Rxb2 29. R4f2 Rxf2 30. Rxf2 Rb8 31. e5 f5 32. g4 Rb4 33. Kg3 Be6 34. gxf5 Bxf5 35. h4 Be6 36. Rf6 Bxc4 37. Ne8+ Kg8 38. e6 Bxe6 39. Rxe6 Kf7 40. Re2 Rd4 41. Nc7 h5 42. Ne6 Rg4+ 43. Kh3 Ra4 44. Nd8+ Kf6 45. Nxc6 Ra3+ 46. Kg2 Ra4 47. Kg3 Ra3+ 48. Kf4 Ra4+ 49. Kf3 Rxh4 50. Nxa5 g5 51. Nb3 Kf5 52. Rc2 Rf4+ 53. Ke3 Ra4 54. Nd4+ Ke5 55. Nf3+ Kf6 56. Rc6+ Kg7 57. Nxg5 Rxa2 58. Kf3 Ra3+ 59. Kf4 Ra4+ 60. Ne4 Ra1 61. Ng3 Ra4+ 62. Kf3 h4 63. Nf5+ Kf7 64. Rh6 Ra3+ 65. Kg2 h3+ 66. Kh2 Ra5 67. Ng3 Kg7 68. Rb6 Ra2+ 69. Kxh3 Ra5 70. Kg4 Ra4+ 71. Kg5 Ra5+ 72. Nf5+ Kf7 73. Rf6+ Ke8 74. Kg6 Ra1 75. Rf7 Rg1+ 76. Kf6 Rf1 77. Ra7 Kd8 78. Ke6 Re1+ 79. Kd5 Rd1+ 80. Nd4 Ke8 81. Rh7 Kf8 82. Kc5 Rc1+ 83. Kb6 Kg8 84. Rd7 Rb1+ 85. Kc7 Rc1+ 86. Kd6 Rd1 87. Ke6 Re1+ 88. Kf6 Ra1 89. Rg7+ Kh8 90. Re7 Rf1+ 91. Nf5 Ra1 92. Rg7 Ra6+ 93. Kg5 Ra5 94. Rd7 Ra1 95. Kg6 Rg1+ 96. Kf6 Ra1 97. Rd3 Rf1 98. Kg6 Rg1+ 99. Ng3 1-0

[Event "Subotica-ch op "]
[Site "Subotica"]
[Date "2007.02.21"]
[Round "2"]
[White "Avram, Veso"]
[Black "Grkovic, Konstantin"]
[Result "1-0"]
[WhiteElo "2146"]
[BlackElo "1847"]
[PlyCount "87"]
[EventDate "2007.02.19"]
[EventType "swiss"]
[EventRounds "9"]
[EventCountry "YUG"]
[SourceTitle "EXT 2008"]
[Source "ChessBase"]
[SourceDate "2007.11.25"]
[SourceVersion "1"]
[SourceVersionDate "2007.11.25"]
[SourceQuality "1"]

1. c4 Nf6 2. Nc3 c5 3. Nf3 e6 4. e4 d6 5. d4 cxd4 6. Nxd4 Be7 7. g3 b6 8. Bg2 Bb7 9. 0-0 a6 10. Be3 Nbd7 11. h3 0-0 12. Re1 Qc7 13. b3 Rac8 14. Rc1 Rfd8 15. Qe2 Qb8 16. f4 Qa8 17. Bf2 Bf8 18. g4 Nc5 19. g5 Ne8 20. b4 Nd7 21. f5 e5 22. Nc2 b5 23. Ne3 a5 24. cxb5 axb4 25. Ncd5 Nc5 26. Nb6 Qb8 27. Nxc8 Rxc8 28. Nd5 Bxd5 29. exd5 Qb6 30. Qc4 Nc7 31. Bf1 Be7 32. h4 g6 33. f6 Bf8 34. Red1 Qa5 35. Rb1 Na8 36. Qxb4 Qxa2 37. Rb2 Qa7 38. b6 Qd7 39. Kh2 Rb8 40. Bh3 Qd8 41. Qa5 Nxb6 42. Rdb1 Nc4 43. Rxb8 Qxa5 44. Rxf8+ 1-0